Swine production, (Record no. 11199)

MARC details
000 -LEADER
fixed length control field 00810cam a22002531 4500
001 - CONTROL NUMBER
control field agr50000461
003 - CONTROL NUMBER IDENTIFIER
control field DLC
005 - DATE AND TIME OF LATEST TRANSACTION
control field 20260227111013.0
008 - FIXED-LENGTH DATA ELEMENTS--GENERAL INFORMATION
fixed length control field 761222s1950 nyu 000 0 eng
010 ## - LIBRARY OF CONGRESS CONTROL NUMBER
LC control number agr50000461
015 ## - NATIONAL BIBLIOGRAPHY NUMBER
National bibliography number GB50-8139
035 ## - SYSTEM CONTROL NUMBER
System control number (OCoLC)2640890
040 ## - CATALOGING SOURCE
Original cataloging agency DLC
Transcribing agency OT
Modifying agency Uk
-- DLC
042 ## - AUTHENTICATION CODE
Authentication code premarc
050 00 - LIBRARY OF CONGRESS CALL NUMBER
Classification number SF395
Item number .C248
100 1# - MAIN ENTRY--PERSONAL NAME
Personal name Carroll, W. E.
Fuller form of name (William Ernest),
Dates associated with a name 1882-
245 10 - TITLE STATEMENT
Title Swine production,
Statement of responsibility, etc. by W. E. Carroll and J. L. Krider.
260 ## - PUBLICATION, DISTRIBUTION, ETC.
Place of publication, distribution, etc. New York,
Name of publisher, distributor, etc. McGraw-Hill,
Date of publication, distribution, etc. 1950.
300 ## - PHYSICAL DESCRIPTION
Extent viii, 498 p.
Other physical details illus.
Dimensions 24 cm.
440 #0 - SERIES STATEMENT/ADDED ENTRY--TITLE
Title McGraw-Hill publications in the agricultural sciences
504 ## - BIBLIOGRAPHY, ETC. NOTE
Bibliography, etc. note "Literature cited" at end of each chapter except the twentieth.
650 #0 - SUBJECT ADDED ENTRY--TOPICAL TERM
Topical term or geographic name entry element Swine.
700 1# - ADDED ENTRY--PERSONAL NAME
Personal name Krider, J. L.
Fuller form of name (Jake Luther),
Dates associated with a name 1913-
Relator term joint author.

No items available.

Powered by Koha